000 00668nam a22001697a 4500
003 UA-OsUOA
001 18263
007 ta
008 20040426b un ||||| |||| 00| 0 ukr d
942 _cSA
040 _aUA-OsUOA
_cUA-OsUOA
_dUA-OsUOA
245 _aМеморіальна дошка літератору і краєзнавцю [Л. Кравцову відкрито у Рівному , на одному з будинків на вул. Соборній, де він проживав з 1944 по 1984 р.]
300 _aС.1
955 _a0
773 0 _w0
_tВісті Рівненщини
_dРівне
_d2004
_g№32/2 квіт./
650 7 _aКравцов Л.
_2UDC
999 _c304434
_d304434